LEADER 05842nam 2200649 450 001 9910136416803321 005 20230808191804.0 010 $a1-119-19102-5 010 $a1-119-19349-4 010 $a1-119-19100-9 035 $a(CKB)3710000000604192 035 $a(EBL)4427019 035 $a(SSID)ssj0001622852 035 $a(PQKBManifestationID)16358584 035 $a(PQKBTitleCode)TC0001622852 035 $a(PQKBWorkID)14910092 035 $a(PQKB)11169530 035 $a(PQKBManifestationID)16332483 035 $a(PQKBWorkID)14909808 035 $a(PQKB)20702278 035 $a(MiAaPQ)EBC4427019 035 $a(DLC) 2016008632 035 $a(Au-PeEL)EBL4427019 035 $a(CaPaEBR)ebr11163819 035 $a(CaONFJC)MIL900921 035 $a(OCoLC)940455418 035 $a(EXLCZ)993710000000604192 100 $a20160317h20162016 uy 0 101 0 $aeng 135 $aurcnu|||||||| 181 $ctxt 182 $cc 183 $acr 200 14$aThe future of pension management $eintegrating design, governance, and investing /$fKeith P. Ambachtsheer 210 1$aHoboken, New Jersey :$cWiley,$d2016. 210 4$d©2016 215 $a1 online resource (257 p.) 225 1 $aWiley Finance Series 300 $aIncludes index. 311 $a1-119-19103-3 327 $aMachine generated contents note: Preface Part I: Touchstones Chapter 1: Improved Pension Designs and Organizations: Gateways to a More Functional Capitalism Chapter 2: Pension Plans for the Masses: Good Idea or Pipe Dream? Chapter 3: Does Institutional Investing Have a Future? Chapter 4: Thomas Piketty's Capital in the 21st Century: Its Relevance to Pension Fund Management Part II: Pension Design Chapter 5: Why We Need to Change the Conversation about Pension Reform Chapter 6: On the Costing and Funding of Defined-Benefit Pensions: Separating Fact and Fiction Chapter 7: Defining Defined-Ambition Pension Plans: Conclusions from an International Conversation Chapter 8: What Are Target-Benefit Plans and Why Should You Care? Chapter 9: Designing 21st Century Pension Plans: We're Making Progress! Part III: Pension Governance Chapter 10: How Effective Is Pension Fund Governance Today?: Findings from a New Survey Chapter 11: The Evolving Meaning of Fiduciary Duty: Is Your Board of Trustees Keeping Up? Chapter 12: Pension Funds and Integrated Reporting: Improving Stakeholder Communications Chapter 13: Measuring Value-for-Money in Pension Organizations: A New Look Chapter 14: Measuring Value-for-Money in Private Markets Investing: Why Investors Need a Standard Protocol Chapter 15: How Pension Funds Pay Their Own People Chapter 16: Investment Beliefs and Organization Design: Are They Aligned in Your Organization? Chapter 17: Norway versus Yale--or versus Canada?: A Comparison of Investment Models Chapter 18: Does Culture Matter in Pension Organizations? Part IV: Pension Investing Chapter 19: Are Investment Returns Predictable? Chapter 20: Investment Returns in the 21st Century Chapter 21: Long-Termism as the Dominant Investment Paradigm Chapter 22: Investing for the Long Term I: From Saying to Doing Chapter 23: Investing for the Long Term II: How Should We Measure Performance? Chapter 24: Investing for the Long Term III: Does It Produce Better Outcomes? Chapter 25: Are Alphas and Betas Bunk? Chapter 26: Risk Management Revisited Chapter 27: From an Unknown to a Known: Managing Climate Change Risk Conclusion Endnotes About the Author Index . 330 $a"A real-world look at the pension revolution underway The Future of Pension Management offers a progress report from the field, using actual case studies from around the world. In the mid-70s, Peter Drucker predicted that demographic dynamics would eventually turn pensions into a major societal issue; in 2007, author Keith Ambachsheer's book Pension Revolution laid out the ways in which Drucker's predictions had come to pass. This book provides a fresh look at the situation on the ground, and details the encouraging changes that have taken place in pension management concepts and practices. The challenges identified in 2007 are being addressed, and this report shows how design, management, and investment innovation have led to measurably better pension outcomes. Pensions have become an everyday news item, and people are rightly concerned about the security of their retirement in light of recent pension scandals and the global financial crisis. This book provides a note of encouragement, detailing the ways in which today's pensions are becoming more and more secure, and the new ideas and practices that are chipping away at the challenges. Learn how pension management practices are improving Examine the uptick in positive outcomes over recent years Discover why pension investing is turning toward the long-term Consider the challenges that remain and their possible solutions Drucker's vision of a needed pension revolution is unfolding in real time. Better pension designs, more effective pension governance, and more productive pension investing are mitigating many of the issues that threatened collapse. The Future of Pension Management provides a real-world update on the state of pensions today and a look forward to the changes we still need to make"--$cProvided by publisher. 410 0$aWiley finance series. 606 $aPension trusts$xManagement 606 $aPension trusts$xInvestments 615 0$aPension trusts$xManagement. 615 0$aPension trusts$xInvestments. 676 $a331.25/24 686 $aBUS027000$2bisacsh 700 $aAmbachtsheer$b Keith P.$0866124 801 0$bMiAaPQ 801 1$bMiAaPQ 801 2$bMiAaPQ 906 $aBOOK 912 $a9910136416803321 996 $aThe future of pension management$91994355 997 $aUNINA LEADER 04094nam 2200601 450 001 9910814389803321 005 20200124093336.0 010 $a2-511-03140-X 035 $a(CKB)3790000000018365 035 $a(EBL)2085188 035 $a(SSID)ssj0001517386 035 $a(PQKBManifestationID)12496911 035 $a(PQKBTitleCode)TC0001517386 035 $a(PQKBWorkID)11504629 035 $a(PQKB)10613510 035 $a(MiAaPQ)EBC2085188 035 $a(Au-PeEL)EBL2085188 035 $a(OCoLC)914152057 035 $a(PPN)249698072 035 $a(EXLCZ)993790000000018365 100 $a20200124d2015 uy 0 101 0 $afre 135 $aur|n|---||||| 181 $ctxt 182 $cc 183 $acr 200 13$aLa fin de la Flandre belge /$fCe?line Pre?aux 210 1$aWaterloo :$cAvant-Propos,$d[2015] 210 4$d©2015 215 $a1 online resource (492 p.) 300 $aDescription based upon print version of record. 311 $a2-930627-17-4 320 $aIncludes bibliographical references (pages 249-259). 327 $aCouverture; Page de titre; LISTE DES ABRE?VIATIONS; REMERCIEMENTS; INTRODUCTION; PARTIE I : GRANDEUR ET DE?CADENCE DES E?LITES; PROLOGUE; CHAPITRE I : L'IMPLANTATION DES E?LITES FRANCOPHONES; DES E?LITES HE?GE?MONIQUES; LA SE?GRE?GATION DES E?LITES; UN SENTIMENT MAJORITAIRE; LA FLANDRE PARALYSE?E PAR UN PUISSANT COMPLEXE D'INFE?RIORITE?; CHAPITRE II : POUR LA RECONNAISSANCE DES DEUX « RACES » BELGES; LA MARMITE BOUT; LE COUVERCLE SAUTE; CHAPITRE III : VERS L'UNILINGUISATION; L'INE?GALITE? DE LA GESELLSCHAFT; LE BLOCAGE DE LA GEMEINSCHAFT; UNE GEMEINSCHAFT DE?FINIE PAR LA LANGUE 327 $aLA GEMEINSCHAFT SUR LA VOIE DE L'UNILINGUISATIONCHAPITRE IV : LE DE?CLIN DES FRANCOPHONES; DES E?LITES CIRCULANTES; L'?UF ET LA POULE; LA MINORISATION DES FRANCOPHONES DE FLANDRE; PARTIE II : DES IDENTITE?S EN PERDITION; PROLOGUE; CHAPITRE I : LES E?LITES SUR LE BANC DES ACCUSE?S; LE DE?BAT LINGUISTIQUE A? ANVERS; LE DIAGNOSTIC DU PROBLE?ME LINGUISTIQUE; POUR UNE GESELLSCHAFT MEILLEURE; CHAPITRE II : VARIATIONS SUR LA NATION; UNE GEMEINSCHAFT MODERNE DOTE?E DE SES PROPRES E?LITES; UNE RE?GION UNILINGUE; LA CRISTALLISATION DES DE?BATS IDENTITAIRES; CHAPITRE III : LES E?LITES AU PRE?TOIRE 327 $aLA PRESSE FRANCOPHONE D'ANVERS : UN MUTISME PARLANTLES ORIGINES DU CONFLIT LINGUISTIQUE; CHAPITRE IV : LA GEMEINSCHAFT A? LA DE?RIVE; UNE GEMEINSCHAFT TOTALITAIRE; UNE GEMEINSCHAFT EXCLUSIVE; UNE GEMEINSCHAFT OPPRIMANTE; LES FRANCOPHONES DE FLANDRE ABANDONNE?S; CHAPITRE V : LES E?LITES AU SECOURS DE LA PATRIE; LA FIN DE LA BELGIQUE; CONCLUSION; BIBLIOGRAPHIE; ARCHIVES; SOURCES IMPRIME?ES; PRINCIPAUX OUVRAGES ET ARTICLES; ANNEXES; NOTICES BIOGRAPHIQUES DES PERSONNAGES CITE?S; NE?ERLANDOPHONES D'ANVERS; FRANCOPHONES D'ANVERS; CHRONOLOGIE; RECENSEMENTS LINGUISTIQUES; NOTES; Copyright 330 $aNombreux sont aujourd'hui les Belges qui s'interrogent sur le futur de leur paysAlors que la Belgique est traverse?e par la plus longue crise de son histoire, d'aucuns se demandent s'il existe une porte de sortie a? ce qui semble e?tre un n?ud gordien. Dans ce cadre, les experts se relaient pour tenter de remonter aux origines de la crise actuelle et d'e?clairer le public sur les causes du malaise communautaire. Mais, si les relations entre Flamands et Wallons sont passe?es au crible de l'analyse, il est une partie de la population belge qui est entie?rement laisse?e dans l'ombre : les francophones d 606 $aMinorities$zBelgium$zFlanders 606 $aMinorities 607 $aFlanders (Belgium)$xHistory$y20th century 607 $aFlanders (Belgium)$xLanguages$xPolitical aspects 607 $aBelgium$zFlanders 615 0$aMinorities 615 0$aMinorities. 676 $a330.9493 700 $aPre?aux$b Ce?line$01714186 801 0$bMiAaPQ 801 1$bMiAaPQ 801 2$bMiAaPQ 906 $aBOOK 912 $a9910814389803321 996 $aLa fin de la Flandre belge$94107788 997 $aUNINA